| 000 | 00735nam a22002651 4500 | ||
|---|---|---|---|
| 001 | 23475 | ||
| 003 | BD-RjUL | ||
| 005 | 20211209000932.0 | ||
| 008 | 140311s1971 xx 001 0 eng | ||
| 035 | _a(BD-RjUL)23540 | ||
| 035 | _a(OCoLC)909344 | ||
| 040 |
_aDLC _cMBNU _dDLC _dBD-RjUL _beng |
||
| 041 | _aeng | ||
| 082 | 0 | 0 |
_a916.03 _bAFR 1971 |
| 245 | 1 | 0 |
_aAfrica : _ba handbook / _c Edited by Colin Legum. |
| 250 | _aRevised and enlarged ed. | ||
| 260 |
_aLondon : _bAnthony Blond, _cc1971. |
||
| 300 |
_axii, 558 p. : _bill. ; _c24 cm. |
||
| 504 | _aIncludes bibliographies and index. | ||
| 651 | 0 |
_aAfrica. _972298 |
|
| 700 | 1 |
_aLegum, Colin, _95977 |
|
| 942 |
_2ddc _cBK |
||
| 999 |
_c23475 _d23475 |
||